NFL First Team All Pro Defensive Ends - Statistics

General Stats
  • This quiz has been taken 113 times
  • The average score is 47 of 92
Answer Stats
Year Team DE % Correct
1998 Packers Reggie White
92%
1995 Packers Reggie White
92%
1991 Eagles Reggie White
92%
1990 Eagles Reggie White
92%
1989 Eagles Reggie White
92%
1988 Eagles Reggie White
92%
1987 Eagles Reggie White
92%
2015 Texans J. J. Watt
90%
2014 Texans J. J. Watt
90%
2013 Texans J. J. Watt
90%
2012 Texans J. J. Watt
90%
2003 Giants Michael Strahan
84%
2001 Giants Michael Strahan
84%
1998 Giants Michael Strahan
84%
1997 Giants Michael Strahan
84%
1997 Bills Bruce Smith
83%
1996 Bills Bruce Smith
83%
1995 Bills Bruce Smith
83%
1994 Bills Bruce Smith
83%
1993 Bills Bruce Smith
83%
1990 Bills Bruce Smith
83%
1988 Bills Bruce Smith
83%
1987 Bills Bruce Smith
83%
1971 Colts Bubba Smith
83%
2015 Raiders Khalil Mack
83%
1993 Chiefs Neil Smith
83%
2006 Dolphins Jason Taylor
79%
2002 Dolphins Jason Taylor
79%
2000 Dolphins Jason Taylor
79%
2011 Vikings Jared Allen
75%
2009 Vikings Jared Allen
75%
2008 Vikings Jared Allen
75%
2007 Chiefs Jared Allen
75%
1982 Cowboys Ed Jones
74%
1986 Broncos Rulon Jones
74%
2010 Bears Julius Peppers
73%
2006 Panthers Julius Peppers
73%
2004 Panthers Julius Peppers
73%
2009 Colts Dwight Freeney
65%
2005 Colts Dwight Freeney
65%
2004 Colts Dwight Freeney
65%
1996 Broncos Alfred Williams
55%
2014 Bills Mario Williams
55%
2008 Giants Justin Tuck
48%
1983 Jets Mark Gastineau
47%
1982 Jets Mark Gastineau
47%
1994 Cowboys Charles Haley
42%
1985 Raiders Howie Long
42%
1984 Raiders Howie Long
42%
1985 Bears Richard Dent
42%
2012 Dolphins Cameron Wake
38%
2013 Rams Robert Quinn
35%
1992 Vikings Chris Doleman
34%
1989 Vikings Chris Doleman
34%
1981 Jets Joe Klecko
34%
2010 Falcons John Abraham
34%
2001 Jets John Abraham
34%
2011 Giants Jason Pierre-Paul
32%
1999 Titans Jevon Kearse
32%
1979 Buccaneers Lee Roy Selmon
32%
1979 Rams Jack Youngblood
31%
1978 Rams Jack Youngblood
31%
1976 Rams Jack Youngblood
31%
1975 Rams Jack Youngblood
31%
1974 Rams Jack Youngblood
31%
2002 Buccaneers Simeon Rice
31%
1973 Vikings Carl Eller
29%
1971 Vikings Carl Eller
29%
1970 Vikings Carl Eller
29%
1975 Steelers L. C. Greenwood
26%
1974 Steelers L. C. Greenwood
26%
1977 Cowboys Harvey Martin
25%
1973 Falcons Claude Humphrey
21%
1972 Falcons Claude Humphrey
21%
1970 Broncos Rich Jackson
21%
1980 Browns Lyle Alzado
19%
1977 Broncos Lyle Alzado
19%
1986 Redskins Dexter Manley
18%
2005 Giants Osi Umenyiora
17%
1992 Eagles Clyde Simmons
16%
1991 Eagles Clyde Simmons
16%
2003 Rams Leonard Little
16%
1981 49ers Fred Dean
13%
1980 Chargers Fred Dean
13%
1999 Rams Kevin Carter
10%
1978 Lions Al Baker
8%
2007 Seahawks Patrick Kerney
6%
1972 Dolphins Bill Stanfill
5%
1983 Dolphins Doug Betters
4%
2000 Eagles Hugh Douglas
4%
1976 Colts John Dutton
4%
1984 Jets Mark Gastineau
3%
No matching quizzes found
Score Distribution
Percent of People with Each Score
Percentile by Number Answered
Your Score History
You have not taken this quiz